000 00506nam a2200205Ia 4500
005 20250923144423.0
008 008 250917s9999 xx 000 0 eng d
037 _aTextual
040 _aDSWL
_beng
_cDSWL
041 _aeng
_2eng
084 _qDSWL
100 _aZinkin, Taya
_9824727
245 0 _aForeign capital in India
_cby Taya Zinkin
260 _aNew Delhi
_c1952
300 _a56 p.
365 _aINR
_b1.8
925 _g1.8
942 _cTEXL
999 _c1438622
_d1438622